000 00425nam a2200181Ia 4500
001 16689
005 20260306170329.0
008 260306t2009||||xx |||||||||||||| ||und||
041 _aESP
082 _a349.1
_bZ945
100 _aZimmermann, Reinhard
_eAUT
245 0 _aEuropa y el derecho romano
260 _c2009
300 _a127 páginas :
_c21 cm.
650 _aGEN
654 _aCDE
942 _cLIB
_dJUS
_fJUS
_2ddc
_n
999 _c16689
_d16689